|
|
|
|
| LEADER |
00000cam a2200000 a 4500 |
| 001 |
vtls008310190 |
| 003 |
SK-MaSNL |
| 005 |
20260301044533.0 |
| 008 |
251124s1971 xo 00 0 slo |
| 015 |
|
|
|a SNBA1972/01-00225
|
| 035 |
|
|
|a SK01SNK19720002407
|
| 035 |
|
|
|a SKM000004870
|
| 040 |
|
|
|a SNK
|b slo
|c SNK
|e AACR2
|
| 041 |
0 |
|
|a slo
|
| 044 |
|
|
|a xo
|c SK
|
| 080 |
|
|
|a 371(47)(082)
|2 1981
|
| 245 |
1 |
0 |
|a Prestavba základného školstva v ZSSR
|n 3. časť
|c zost. Kol. Dokumentačno-informačného odd.
|
| 260 |
|
|
|a Bratislava
|b Ústav školských informácií
|c 1971
|
| 300 |
|
|
|a 88, [2] s.
|c 4°
|
| 500 |
|
|
|a Zozn. použ. lit. Tb. Tit. kresba
|
| 563 |
|
|
|a 1500 výtl.
|
| 650 |
0 |
7 |
|a školstvo základné
|z ZSSR
|x prestavba
|x zborníky
|2 SNK
|9 351114
|
| 655 |
|
7 |
|a zborníky
|2 SNKPH
|9 70165
|
| 958 |
|
|
|a OND
|
| 958 |
|
|
|a RM
|
| 958 |
|
|
|a RK
|
| 958 |
|
|
|a NB
|
| 958 |
|
|
|a RU
|
| 999 |
|
|
|c 596234
|d 598164
|
| 952 |
|
|
|a SNK
|b SNK
|y PREZ
|7 0
|p 17A0890600
|o snkSB 17666/3
|i snkKSP 1368/72
|0 0
|1 0
|4 0
|d 2015-02-26
|l 0
|r 2025-03-19 00:00:00
|w 2026-02-23
|